000 01373nam a22002537a 4500
005 20110913152830.0
008 110913t xxu||||| |||| 00| 0 mar d
010 _aMAR-21450
020 _c120.00
_a97881849803601
035 _aMR-14108
037 _bDBAD/PUB
040 _aDPL
_bMR
082 _a155.33
100 _934729
_aपीस,बार्बरा
245 _aव्हाय मेन डोन्ट लिसन अँण्ड विमेन रीड मॅप्स /
_cबार्बरा पीस तथा अँलन पीस ; शुभदा विद्धांस द्वारा अनुवादित
246 _aWhy Men Dont Listen and Women Cant Read Maps
_bby Barbara Peace and Allan Peace
260 _aपुणे
_bमेहता पब्लिशिग हाऊस
_c2001
270 _bपुणे
_a1941,सदाशिव पेठ,माडीवाले कॉलनी
_e411030
300 _aबारा,121पृ.
_c22सेमी(अजिल्द)
700 _aपीस,अँलन
_935554
700 _aविद्धांस,शुभदा
_935555
942 _2ddc
_cMR
_mपीसबा
_h155.33
999 _c57740
_d57740